000 00740 a2200169 4500
003 Nust
005 20230206124457.0
040 _cNust
082 _a968,KEP
100 _akeppel-Jones, Arthur
_9108667
245 _aSouth Africa :
_ba short history /
_cArthur Keppel-Jones
260 _aNew York
_bHutchinson University
300 _a210:p
505 _aThe Half-Way House (Page-11), The Afrikaners (Page-24), Slaves and Hottentots (Page-38), The Bantu Trek (Page-51), The Great Trek (Page-65), Diamond and Englishmen (Page-82), The Imperial (Page-96), The Outlanders (Page-116), Nationalism (Page-145), Union and Disunity (Page-153), Race Relations (Page-166), Hertzog (Page-179).
650 _aSouth Africa
_9108668
942 _2ddc
_cBK
999 _c187514
_d187514